Weathering tests of some exterior paints using rubbewood as the substrate (Record no. 48045)
[ view plain ]
| 000 -LEADER | |
|---|---|
| fixed length control field | 00747nam a2200145Ia 4500 |
| 100 ## - MAIN ENTRY--AUTHOR NAME | |
| Personal name | Ahmad Shakri M S |
| 245 #0 - TITLE STATEMENT | |
| Title | Weathering tests of some exterior paints using rubbewood as the substrate |
| 260 ## - PUBLICATION, DISTRIBUTION, ETC. (IMPRINT) | |
| Name of publisher | Malaysian Forester |
| Year of publication | 1986 |
| 300 ## - PHYSICAL DESCRIPTION | |
| Number of Pages | 103-107 |
| 520 ## - SUMMARY, ETC. | |
| Summary, etc | Panels of rubberwood finished with four commercial exterior paints were exposed to natural weathering at a rural site, up to a period of 12 months in order to determine their durability to weathering and susceptibility to fungal growth. It was found that the alkyd paint and chlorinated rubber paint performed better than the emulsion or nitrocellulose paint. |
| 650 ## - SUBJECT ADDED ENTRY--TOPICAL TERM | |
| Topical Term | Rubberwood |
| 700 ## - ADDED ENTRY--PERSONAL NAME | |
| Personal name | Abd Rashid M |
| 942 ## - ADDED ENTRY ELEMENTS (KOHA) | |
| Koha item type | Bibliography RLWO |
| Withdrawn status | Lost status | Damaged status | Not for loan | Home library | Current library | Date acquired | Serial Enumeration / chronology | Koha item type |
|---|---|---|---|---|---|---|---|---|
| Bibliography | RRII Library | RRII Library | 31/12/2021 | Volume 49, Issue 2 | Bibliography RLWO |